Представление документа в формате RUSMARC

ПолеНазваниеЗначение
  Тип записи a
  Библиографический уровень m
001 Контрольный номер RU\NLR\BIBL_A\011599996
005 Дата корректировки 20180605092710.1
010 Индекс ISBN __
a ISBN 978-5-17-095737-8
d Цена 249-70
021 № государственной регистрации __
b № документа 2017-98838
100 Данные общей обработки __
a Данные общей обработки 19180123d20 |||y0rusy0189 ca
101 Язык документа __
a Язык текста rus
102 Страна публикации __
a Страна публикации RU
102 Страна публикации __
a Страна публикации RU
105 Кодированные данные (монография) __
a Кодированные данные (монография) y|||z|||000zy
200 Заглавие и сведения об ответственности __
a Заглавие Дитя двух семей
e Сведения, относящиеся к заглавию [приёмный ребенок в семье]
f Первые сведения об ответственности Л. Петрановская
210 Выходные данные __
a Место издания Москва
c Издательство АСТ
d Дата издания 2018
215 Физическое описание __
a Объем 222 с.
225 Серия (Журнальная рубрика) __
a Серия (Журнальная рубрика) Серия "Вопрос-ответ (Близкие люди)"
333 Примечание о целевом назначении __
a Примечание о целевом назначении 12+
606 Тематические рубрики __
a Основная рубрика Психология
606 Тематические рубрики __
a Основная рубрика Педагогическая психология
606 Тематические рубрики __
a Основная рубрика Образование. Педагогика
606 Тематические рубрики __
a Основная рубрика Семейное воспитание и образование
610 Ключевые слова __
a Ключевые слова приёмная семья
610 Ключевые слова __
a Ключевые слова тренинг психологический
610 Ключевые слова __
a Ключевые слова приёмные дети
686 Индексы других классификаций __
a Индекс ББК 88.6
686 Индексы других классификаций __
2 Код системы rubbk
a Индекс ББК 74.90
686 Индексы других классификаций __
2 Код системы rubbk
700 Автор _1
a Фамилия Петрановская
b Имя Л. В.
g Полное личное имя Людмила Владимировна
801 Источник записи _0
a Страна RU
b Организация NLR
c Дата составления 20180123
g Правила каталогизации RCR
801 Источник записи _1
a Страна RU
b Организация NLR
c Дата составления 20180123
801 Источник записи _2
a Страна RU
b Организация NLR
c Дата составления 20180123
801 Источник записи _2
a Страна RU
b Организация Центральная районная библиотека им. Г. А. Пирожникова
c Дата составления 20180123
852 Данные о местонахождении __
j Шифр хранения 88.6
i Авторский знак П 30
b Сигла хранения 8; 10; 16; 26; 29
901 Тип документа __
t Тип документа m
902 Роль лиц __
a Создатель БЗ ОКиО/Струналь
990 Данные о заказе (DOS) __
j Количество экземпляров (DOS) 5
h N записи в КСУ для Б/У (DOS) 2018-6